Breves apuntes sobre la antropología de la ocupación en Guatemala /
La antropología de la ocupación en Guatemala, proyecto enmarcado dentro de la cuestión étnica, tiene dentro de sus objetivos determinar y analizar el contenido y desarrollo del capitalismo y las transformaciones que le son inherentes se intenta conocer el surgimiento de la Antropología de la Ocupac...
Uloženo v:
| Hlavní autor: | |
|---|---|
| Médium: | Text |
| Témata: | |
| Tagy: |
Přidat tag
Žádné tagy, Buďte první, kdo vytvoří štítek k tomuto záznamu!
|
MARC
| LEADER | 00000 a a2200000 04500 | ||
|---|---|---|---|
| 001 | 7749 | ||
| 003 | |||
| 040 | |||
| 100 | |a Rodríguez F, José Fernando | ||
| 245 | |a Breves apuntes sobre la antropología de la ocupación en Guatemala / |c José Fernando Rodríguez F | ||
| 520 | |a La antropología de la ocupación en Guatemala, proyecto enmarcado dentro de la cuestión étnica, tiene dentro de sus objetivos determinar y analizar el contenido y desarrollo del capitalismo y las transformaciones que le son inherentes |a se intenta conocer el surgimiento de la Antropología de la Ocupación en Guatemala, además llegar a establecer los antecedentes de la situación actual de los grupos étnicos y su caracterización económica, social, cultural y política, así como obtener una visión del desarrollo de las principales propuestas de descripción etnográfica guatemalteca, sus aportes teórico metodológicos y sus connotaciones ideológicas. Por otra parte se intenta conocer lo relacionado con el cambio político y social en Guatemala, determinando cómo se consolidó la Antropología de la Ocupación y como repercutieron los diversos programas norteamericanos. En realidad se enfoca el tema de forma muy general |a simplemente se trata de dar una visión clara de la situación de la Antropología de la ocupación y su evolución en Guatemala. OB/LOB | ||
| 650 | |a ANTROPOLOGIA SOCIAL Y CULTURAL | ||
| 650 | |a METODOLOGIA | ||
| 650 | |a CIENCIAS SOCIALES | ||
| 650 | |a ASPECTOS SOCIALES | ||
| 650 | |a ETNICIDAD | ||
| 650 | |a DESARROLLO ECONOMICO Y SOCIAL | ||
| 650 | |a VALORES CULTURALES | ||
| 650 | |a CAMBIO SOCIAL | ||
| 650 | |a PAISES EN DESARROLLO | ||
| 773 | |g número 2; páginas 79-89 | ||
| 999 | |c 26376 |d 26376 | ||
